Historia de la aviación en Albacete / (Record no. 12437)

MARC details
000 -LEADER
campo de control de longitud fija 00713nam a2200217 4500
001 - NÚMERO DE CONTROL
campo de control 12437
003 - IDENTIFICADOR DE NÚMERO DE CONTROL
campo de control ES-MaACL
005 - FECHA Y HORA DE LA ÚLTIMA TRANSACCIÓN
campo de control 20230906150318.0
007 - CAMPO FIJO DE DESCRIPCIÓN FÍSICA--INFORMACIÓN GENERAL
campo de control de longitud fija t|
008 - DATOS DE LONGITUD FIJA--INFORMACIÓN GENERAL
campo de control de longitud fija 000000s1983 sp a |||| | spa j
020 ## - NÚMERO INTERNACIONAL ESTÁNDAR DEL LIBRO
Número Internacional Estándar del Libro 84-500-9104-7
080 ## - NÚMERO DE LA CLASIFICACIÓN DECIMAL UNIVERSAL
Número de la Clasificación Decimal Universal 629.73(467.42 A.)(091)
080 ## - NÚMERO DE LA CLASIFICACIÓN DECIMAL UNIVERSAL
Número de la Clasificación Decimal Universal 623.74(467.42 A.)(091)
100 1# - ENTRADA PRINCIPAL--NOMBRE DE PERSONA
Nombre de persona Henares, Domingo.
9 (RLIN) 62508
245 10 - MENCIÓN DEL TÍTULO
Título Historia de la aviación en Albacete /
Mención de responsabilidad, etc. Domingo Henares Martínez.
260 ## - PUBLICACIÓN, DISTRIBUCIÓN, ETC.
Lugar de publicación, distribución, etc. [Madrid] :
Nombre del editor, distribuidor, etc. Instituto de Historia y Cultura Aeronáutica,
Fecha de publicación, distribución, etc. D.L. 1983.
300 ## - DESCRIPCIÓN FÍSICA
Extensión 179 p :
Otras características físicas il ;
Dimensiones 17x24 cm.
650 14 - PUNTO DE ACCESO ADICIONAL DE MATERIA--TÉRMINO DE MATERIA
Término de materia o nombre geográfico como elemento de entrada Aviación-
Subdivisión geográfica Albacete-
Subdivisión de forma Historia.
9 (RLIN) 10451
710 2# - ENTRADA AGREGADA--NOMBRE DE ENTIDAD CORPORATIVA
Nombre de entidad corporativa o nombre de jurisdicción como elemento de entrada Instituto de Historia y Cultura Aeronáutica.
9 (RLIN) 4955
852 ## - LOCALIZACIÓN
Ubicación ES-MaACL
Número de control de estantería L-19671
Holdings
Estatus retirado Estado de pérdida Estado de daño No para préstamo Biblioteca de origen Biblioteca actual Ubicación en estantería Fecha de adquisición Fuente de adquisición Total de préstamos Signatura topográfica completa Código de barras Visto por última vez Precio de reemplazo Tipo de ítem Koha
        Biblioteca del Ateneo de Madrid Biblioteca del Ateneo de Madrid Depósito 2 17/01/2008     L-19671 1012672 23/02/2023 23/02/2023 Libro impreso